Statistiques concernant Les coéquipiers de Messi et Ronaldo

Cliquez ici pour prendre le quiz!

Statistiques générales

  • Ce quiz a été pris 817 fois
    (243 depuis la dernière actualisation)
  • Le résultat moyen est 11 sur 26

Statistiques - réponses

Avec Messi...Joueur...Avec Ronaldo% Correct
Argentine (2008-) & PSG (2021-2022)Ángel Di MaríaReal Madrid (2010-2014)
91%
PSG (2021-2023)Sergio RamosReal Madrid (2009-2018)
81%
FC Barcelone (2008-2021)Gerard PiquéManchester United (2004-2008)
64%
Argentine (2016-)Paulo DybalaJuventus (2018-2021)
62%
Argentine (2009-2019)Gonzalo HiguaínReal Madrid (2009-2013)
60%
PSG (2021-2023)Nuno MendesPortugal (2020-)
60%
Argentine (2023-)Alejandro GarnachoManchester United (2022)
57%
Argentine (2019-)Lisandro MartinezManchester United (2022)
54%
PSG (2021-2023)Danilo PereiraPortugal (2014-)
53%
Argentine (2019-)Pity MartínezAl-Nassr (2023-)
53%
PSG (2021-2022)Keylor NavasReal Madrid (2014-2018)
51%
FC Barcelone (2017-2020)Nélson SemedoPortugal (2015-)
51%
PSG (2022-2023)VitinhaPortugal (2022-)
50%
PSG (2021-2023)Achraf HakimiReal Madrid (2017-2018)
48%
FC Barcelone (2018-2020)Arthur MeloJuventus (2020-2021)
47%
Argentine (2004-2015)Carlos TevezManchester United (2007-2009)
41%
FC Barcelone (2020-2021)Miralem PjanicJuventus (2018-2020)
39%
FC Barcelone (2016-2019)André GomesPortugal (2014-)
38%
FC Barcelone (2004-2008)DecoPortugal (2003-2010)
38%
PSG (2022-2023)Renato SanchesPortugal (2016-)
37%
FC Barcelone (2020-2021)TrincãoPortugal (2020-)
21%
Argentine (2005-2011)Gabriel HeinzeManchester United (2004-2007)
19%
Argentine (2007-2017)Fernando GagoReal Madrid (2009-2012)
12%
Argentine (2007-2021)Ezequiel GarayReal Madrid (2009-2011)
11%
FC Barcelone (2004-2006)Henrik LarssonManchester United (2007)
6%
FC Barcelone (2008-2010)Martín CáceresJuventus (2019)
3%

Distribution des résultats

Percentile par nombre de réponses

% des personnes avec chaque résultat

Votre développement - résultats

Vous n’avez pas pris ce quiz depuis la dernière actualisation